Cómo controlar el pensamiento excesivo /

Detalles Bibliográficos
Otros Autores: Trabal, Betty (Traductor)
Formato: Electrónico eBook
Lenguaje:español
inglés
Publicado: Barcelona, España : Editorial Reverté, [2025]
Colección:HBR emotional intelligence series.
Materias:
Acceso en línea:Digitalia Hispánica

MARC

LEADER 00000nam a2200000Ii 4500
001 DIGREVMGM0105
003 NyNyDIG
006 m o d
007 cr |||||||||||
008 250909s2025 sp o 001 0 spa d
035 |a (OCoLC)1525299617 
040 |a DGITA  |b eng  |e rda  |e pn  |c DGITA 
020 |a 9788429198843  |q pdf 
020 |a 9788429198836  |q ePub 
020 |z 9788410121270  |q papel 
041 1 |a spa  |h eng 
050 1 4 |a BF637.M56 ebook 
082 0 4 |a 158.13  |2 23 
130 0 |a Managing overthinking.  |l Spanish  |s (Trabal) 
245 1 0 |a Cómo controlar el pensamiento excesivo /  |c traducción, Betty Trabal. 
264 1 |a Barcelona, España :  |b Editorial Reverté,  |c [2025] 
300 |a 1 online resource. 
336 |a text  |b txt  |2 rdacontent 
337 |a computer  |b c  |2 rdamedia 
338 |a online resource  |b cr  |2 rdacarrier 
347 |a text file  |2 rdaft 
347 |b PDF 
347 |b EPUB 
490 1 |a Serie Inteligencia Emocional de HBR 
500 |a Includes index. 
588 0 |a Online resource; title from PDF title page (Digitalia, viewed September 9, 2025) 
650 0 |a Mindfulness (Psychology) 
650 0 |a Self-consciousness (Awareness) 
650 0 |a Thought and thinking. 
700 1 |a Trabal, Betty,  |e translator. 
791 2 |a Digitalia (Firm),  |e distributor. 
793 0 |g Digitalia eBook Collection:  |a Reverté Management 
776 0 8 |i Print version:  |a Managing overthinking. Spanish (Trabal).  |t Cómo controlar el pensamiento excesivo.  |d Barcelona, España : Editorial Reverté, [2025]  |z 9788410121270 
830 0 |a HBR emotional intelligence series.  
856 4 0 |3 Digitalia Hispánica  |u https://www.digitaliapublishing.com/a/176004/ 
910 |a Premium collection: 2025